<?xml version="1.0" encoding="UTF-8"?>
<collection xmlns="http://www.loc.gov/MARC21/slim">
<record>
  <controlfield tag="001">150851</controlfield>
  <controlfield tag="005">20250930110942.0</controlfield>
  <controlfield tag="008">130314s1857    sp      d     000 0bspa d</controlfield>
  <datafield tag="040" ind1=" " ind2=" ">
    <subfield code="a">UZ.GRL</subfield>
  </datafield>
  <datafield tag="100" ind1="1" ind2=" ">
    <subfield code="9">11357</subfield>
    <subfield code="a">Borao, Jerónimo,</subfield>
    <subfield code="d">1821-1878.</subfield>
  </datafield>
  <datafield tag="245" ind1="1" ind2="0">
    <subfield code="a">Biografía de D. Faustino Casamayor y noticia de sus años políticos e históricos, obra inédita que posee la Biblioteca de la Universidad de Zaragoza /</subfield>
    <subfield code="c">Gerónimo Borao.</subfield>
  </datafield>
  <datafield tag="260" ind1=" " ind2=" ">
    <subfield code="c">1857</subfield>
  </datafield>
  <datafield tag="300" ind1=" " ind2=" ">
    <subfield code="a">2 cuadernos (10 h., 6 h.) ;</subfield>
    <subfield code="c">200 x 150 mm.</subfield>
  </datafield>
  <datafield tag="336" ind1=" " ind2=" ">
    <subfield code="2">rdacontent</subfield>
    <subfield code="a">Texto (visual)</subfield>
    <subfield code="b">txt</subfield>
  </datafield>
  <datafield tag="337" ind1=" " ind2=" ">
    <subfield code="2">rdamedia</subfield>
    <subfield code="a">sin mediación</subfield>
    <subfield code="b">n</subfield>
  </datafield>
  <datafield tag="338" ind1=" " ind2=" ">
    <subfield code="2">rdacarrier</subfield>
    <subfield code="a">volumen</subfield>
    <subfield code="b">nc</subfield>
  </datafield>
  <datafield tag="500" ind1=" " ind2=" ">
    <subfield code="a">Manuscrito autógrafo.</subfield>
  </datafield>
  <datafield tag="500" ind1=" " ind2=" ">
    <subfield code="a">Fecha y firma al final.</subfield>
  </datafield>
  <datafield tag="500" ind1=" " ind2=" ">
    <subfield code="a">[Publicado en] La America, 24 noviembre 1857.</subfield>
  </datafield>
  <datafield tag="540" ind1=" " ind2=" ">
    <subfield code="9">info:eu-repo/semantics/openAccess</subfield>
    <subfield code="a">by</subfield>
    <subfield code="u">https://creativecommons.org/licenses/by/4.0/deed.es</subfield>
  </datafield>
  <datafield tag="600" ind1="1" ind2="4">
    <subfield code="9">546195</subfield>
    <subfield code="a">Casamayor, Faustino</subfield>
    <subfield code="v">Biografías.</subfield>
  </datafield>
  <datafield tag="610" ind1="2" ind2="4">
    <subfield code="9">10973</subfield>
    <subfield code="a">Universidad de Zaragoza.</subfield>
    <subfield code="b">Biblioteca General</subfield>
    <subfield code="x">Manuscritos.</subfield>
  </datafield>
  <datafield tag="700" ind1="1" ind2=" ">
    <subfield code="9">11669</subfield>
    <subfield code="a">García-Arista y Rivera, Gregorio,</subfield>
    <subfield code="d">1866-1946</subfield>
    <subfield code="e">ant. pos.</subfield>
  </datafield>
  <datafield tag="856" ind1="4" ind2=" ">
    <subfield code="s">29231</subfield>
    <subfield code="u">http://zaguan.unizar.es/record/150851/files/METS_carga_Ms_444.xml</subfield>
    <subfield code="y">Fichero METS</subfield>
  </datafield>
  <datafield tag="856" ind1="4" ind2=" ">
    <subfield code="s">4157438</subfield>
    <subfield code="u">http://zaguan.unizar.es/record/150851/files/MS_444.pdf</subfield>
    <subfield code="y">Texto completo (pdf)</subfield>
  </datafield>
  <datafield tag="856" ind1="4" ind2=" ">
    <subfield code="s">235990</subfield>
    <subfield code="u">http://zaguan.unizar.es/record/150851/files/MS_444.jpg?subformat=icon</subfield>
    <subfield code="x">icon</subfield>
    <subfield code="y">Texto completo (pdf)</subfield>
  </datafield>
  <datafield tag="907" ind1=" " ind2=" ">
    <subfield code="a">.b16602353</subfield>
    <subfield code="b">10-06-19</subfield>
    <subfield code="c">14-03-13</subfield>
  </datafield>
  <datafield tag="909" ind1="C" ind2="O">
    <subfield code="o">oai:zaguan.unizar.es:150851</subfield>
    <subfield code="p">fondo-historico</subfield>
    <subfield code="p">driver</subfield>
  </datafield>
  <datafield tag="945" ind1=" " ind2=" ">
    <subfield code="a">Ms-444</subfield>
    <subfield code="g">0</subfield>
    <subfield code="l">100an</subfield>
    <subfield code="o">u</subfield>
    <subfield code="p">0.00</subfield>
    <subfield code="q">-</subfield>
    <subfield code="r">e</subfield>
    <subfield code="s">p</subfield>
    <subfield code="t">20</subfield>
    <subfield code="u">0</subfield>
    <subfield code="v">0</subfield>
    <subfield code="w">0</subfield>
    <subfield code="x">0</subfield>
    <subfield code="y">.i20264719</subfield>
    <subfield code="z">14-03-13</subfield>
  </datafield>
  <datafield tag="952" ind1=" " ind2=" ">
    <subfield code="/">e</subfield>
    <subfield code="0">0</subfield>
    <subfield code="1">0</subfield>
    <subfield code="2">udc</subfield>
    <subfield code="3">cf683bb6-a8eb-4aa8-9af9-55c5d524d364</subfield>
    <subfield code="4">0</subfield>
    <subfield code="6">MS444</subfield>
    <subfield code="7">0</subfield>
    <subfield code="9">1014523</subfield>
    <subfield code="a">100</subfield>
    <subfield code="b">100</subfield>
    <subfield code="c">c3f7083c-06cf-46f1-9025-51d1c10266e1</subfield>
    <subfield code="d">2013-03-14</subfield>
    <subfield code="e">u</subfield>
    <subfield code="f">p</subfield>
    <subfield code="k">.i20264719</subfield>
    <subfield code="o">Ms-444</subfield>
    <subfield code="r">2021-03-26</subfield>
    <subfield code="t">82.592</subfield>
    <subfield code="x">Digitalizado-2024</subfield>
    <subfield code="y">182ba798-b896-45fa-bd86-388c988d1d11</subfield>
    <subfield code="z">Procede del Legado de la testamentaría del Dr. García Arista. - Publicado en la revista La America, 24 de noviembre 1857.</subfield>
  </datafield>
  <datafield tag="980" ind1=" " ind2=" ">
    <subfield code="a">FH</subfield>
    <subfield code="b">manuscritos</subfield>
  </datafield>
  <datafield tag="998" ind1=" " ind2=" ">
    <subfield code="a">100</subfield>
    <subfield code="b">13-03-14</subfield>
    <subfield code="c">m</subfield>
    <subfield code="d">s</subfield>
    <subfield code="e">a</subfield>
    <subfield code="f">spa</subfield>
    <subfield code="g">sp</subfield>
    <subfield code="h">0</subfield>
    <subfield code="i">0</subfield>
  </datafield>
  <datafield tag="999" ind1=" " ind2=" ">
    <subfield code="c">608389</subfield>
    <subfield code="d">608389</subfield>
  </datafield>
  <datafield tag="999" ind1="f" ind2="f">
    <subfield code="i">a360c33f-e7a0-4f84-8e46-6daf7809cc63</subfield>
  </datafield>
  <datafield tag="037" ind1=" " ind2=" ">
    <subfield code="a">Ms_444</subfield>
  </datafield>
</record>
</collection>